00308nam a22001337a 4500003000400000008004100004020001800045082001800063100001100081245002900092250001300121260003200134300000800166OSt250917b |||||||| |||| 00| 0 eng d a9789322008086 a354.54092 KAB aKAW,MK aBureaucrazy Gets Crazier a13th IMP aNew DelhibKonark Pubc2023 a196